| 000 | 00705cam a2200241 a 4500 | ||
|---|---|---|---|
| 001 | 15824431 | ||
| 005 | 20180227080907.0 | ||
| 008 | 090720s2010 mauab b 001 0 eng | ||
| 010 | _a 2009932937 | ||
| 020 | _a9780495572718 (pbk.) | ||
| 020 | _a0495572713 (pbk.) | ||
| 040 |
_aDLC _cDLC |
||
| 041 | _aeng | ||
| 080 | _a94 WIL | ||
| 082 | _294 WIL | ||
| 100 | 1 | _a16 | |
| 101 | _aHIS | ||
| 245 | 1 | 0 |
_aContemporary world history / _cWilliam J. Duiker. |
| 504 | _aIncludes bibliographical references and index. | ||
| 906 |
_a7 _bcbc _corignew _d2 _eepcn _f20 _gy-gencatlg |
||
| 942 |
_2ddc _cBK |
||
| 999 |
_c43618 _d43618 |
||